Teoria y practica de la purificación del agua
| Main Author: | |
|---|---|
| Format: | Section = Libro |
| Language: | Undetermined Spanish |
| Published: |
Colombia
Norma
2000
|
| Edition: | 3a.ed. |
| Subjects: |
| LEADER | 00529nam a2200205Ia 4500 | ||
|---|---|---|---|
| 008 | 240830s9999 xx 000 0 und d | ||
| 020 | |a 958-41-0012-2 | ||
| 040 | |a CEDOC FIQ-RUSB / 628.1 A666 | ||
| 041 | |a spa | ||
| 082 | |a 628.1 A666 | ||
| 100 | 1 | |a Arboleda Valencia, Jorge | |
| 245 | 1 | 0 | |a Teoria y practica de la purificación del agua |
| 250 | |a 3a.ed. | ||
| 260 | |a Colombia |b Norma |c 2000 | ||
| 300 | |a 2v.:il. | ||
| 650 | 7 | |a AGUA-ABASTECIMIENTO | |
| 650 | 7 | |b AGUA PURIFICACION | |
| 942 | |c BK |2 ddc | ||
| 991 | |a TEXTO | ||
| 999 | |c 13079 | ||